000 00681nam a2200253 a 4500
001 64761
003 BD-RjUL
005 20211209081340.0
008 170220s1968 enka b 001 0 eng
035 _a(BD-RjUL)64891
040 _aDLC
_cDLC
_dBD-RjUL
_beng
041 _aeng
082 0 0 _a962
_223
_bLIM 1968
100 1 _aLittle, Tom
_9192008
245 1 0 _aModern Egypt /
_cTom Little
260 _aLondon :
_bPraeger,
_c1968.
300 _a300 p. :
_bill. ;
_c23 cm.
490 _aNations of the modern world
504 _aIncludes bibliography
651 0 _aEgypt
_9191391
830 _aNations of the modern world
_9192010
942 _2ddc
_cBK
999 _c64761
_d64761